Involvement of low temperature stress in prevailing of rubber diseases and pests in southwest rubber-growing region of China (Record no. 61670)

MARC details
000 -LEADER
fixed length control field 00705nam a2200181Ia 4500
100 ## - MAIN ENTRY--AUTHOR NAME
Personal name Cai Z Y
245 #0 - TITLE STATEMENT
Title Involvement of low temperature stress in prevailing of rubber diseases and pests in southwest rubber-growing region of China
260 ## - PUBLICATION, DISTRIBUTION, ETC. (IMPRINT)
Name of publisher Climate Change, Low Carbon Economy and Sustainable Natural Rubber Industry: Preprints of Proceedings of IRRDB International Rubber Conference 2010, 18-19 October 2010 Sanya, Hainan, China, pp. 206-214.
650 ## - SUBJECT ADDED ENTRY--TOPICAL TERM
Topical Term Chilling injury
650 ## - SUBJECT ADDED ENTRY--TOPICAL TERM
Topical Term Low temperature stress
650 ## - SUBJECT ADDED ENTRY--TOPICAL TERM
Topical Term Pest
650 ## - SUBJECT ADDED ENTRY--TOPICAL TERM
Topical Term Rubber disease
700 ## - ADDED ENTRY--PERSONAL NAME
Personal name Hunag G X
700 ## - ADDED ENTRY--PERSONAL NAME
Personal name Li G H
700 ## - ADDED ENTRY--PERSONAL NAME
Personal name Zhou
942 ## - ADDED ENTRY ELEMENTS (KOHA)
Koha item type Journals
700 ## - ADDED ENTRY--PERSONAL NAME
--
Holdings
Withdrawn status Lost status Damaged status Not for loan Home library Current library Shelving location Date acquired Koha item type
      Journals RRII Library RRII Library Pathology 03/08/2012 Journals